书目信息 |
| 题名: |
无机功能材料
|
|
| 作者: | 李培俊 编写 | |
| 分册: | ||
| 出版信息: | 上海 上海科学技术出版社 |
|
| 页数: | 179页 | |
| 开本: | 20cm | |
| 丛书名: | ||
| 单 册: | ||
| 中图分类: | TB321 | |
| 科图分类: | ||
| 主题词: | 工程材料 , 非金属材料 | |
| 电子资源: | ||
| ISBN: | ||
| 000 | 00535nam0 2200193 45 | |
| 001 | 0312221749 | |
| 005 | 20060817151131.68 | |
| 010 | @dCNY0.50 | |
| 100 | @a20031222d km y0chiy0120 ea | |
| 101 | @achi | |
| 200 | 1 | @a无机功能材料@AWu Ji Gong Neng Cai Liao@f李培俊编写@Fli pei jun bian xie |
| 210 | @a上海@c上海科学技术出版社 | |
| 215 | @a179页@d20cm | |
| 606 | 0 | @a工程材料 |
| 606 | 0 | @a非金属材料 |
| 690 | @aTB321@v3 | |
| 701 | 0 | @a李培俊@Ali pei jun@4编写 |
| 801 | @aCN@bTSTCL@c20060817 | |
| 905 | @a213230@dTB321@e25@b59774-776@f3 | |
| 无机功能材料/李培俊编写.-上海:上海科学技术出版社 |
| 179页;20cm |
| ISBN :CNY0.50 |
| ● |
| 相关链接 |
|
|
|
|
正题名:无机功能材料
索取号:TB321/25
 
预约/预借
| 序号 | 登录号 | 条形码 | 馆藏地/架位号 | 状态 | 备注 |
| 1 | 0059774 | 001358550 | 密集书库/ [索取号:TB321/25] | 在馆 | |
| 2 | 0059775 | 001358471 | 密集书库/ [索取号:TB321/25] | 在馆 | |
| 3 | 0059776 | 001358514 | 第二样本阅览室/ [索取号:TB321/25] | 在馆 | |
| 4 | 0458776 | 204587768 | 密集书库/ [索取号:TB321/25] | 在馆 | |
| 5 | 0458777 | 204587777 | 密集书库/ [索取号:TB321/25] | 在馆 |